बाल विकास और शिक्षा / (Record no. 206439)
[ view plain ]
| 000 -LEADER | |
|---|---|
| fixed length control field | 00871nam a22002177a 4500 |
| 005 - DATE AND TIME OF LATEST TRANSACTION | |
| control field | 20241211142033.0 |
| 010 ## - LCCN (DPL NO) | |
| LC control number | HIN-128650 HIN-128915 |
| 020 ## - INTERNATIONAL STANDARD BOOK NUMBER | |
| International Standard Book Number | 8188548901 |
| Terms of availability | 750.00 |
| 035 ## - SYSTEM CONTROL NUMBER | |
| System control number | HN-100996 |
| 035 ## - SYSTEM CONTROL NUMBER | |
| System control number | HN-101261 |
| 037 ## - SOURCE OF ACQUISITION | |
| Source of stock number/acquisition | DBAD |
| 082 ## - DEWEY DECIMAL CLASSIFICATION NUMBER | |
| Classification number | 302.7 |
| 100 ## - MAIN ENTRY--PERSONAL NAME | |
| Personal name | हॉल्ट, जॉन |
| 245 ## - TITLE STATEMENT | |
| Title | बाल विकास और शिक्षा / |
| Statement of responsibility, etc | जॉन हाल्ट; रीमा तिवारी द्वारा अनुवादित |
| 250 ## - EDITION STATEMENT | |
| Edition statement | प्रथम |
| 260 ## - PUBLICATION, DISTRIBUTION, ETC. (IMPRINT) | |
| Place of publication, distribution, etc | दिल्ली |
| Name of publisher, distributor, etc | सिलवर बेल्ल |
| Date of publication, distribution, etc | 2021 |
| 270 ## - ADDRESS | |
| Address | एक्स-3, नवीन शाहदरा |
| City | दिल्ली |
| Postal code | 100332 |
| 300 ## - PHYSICAL DESCRIPTION | |
| Extent | 296पृ. |
| Dimensions | 22सेमी (सजिल्द) |
| 700 ## - ADDED ENTRY--PERSONAL NAME | |
| Personal name | तिवारी, रीमा |
| 9 (RLIN) | 72868 |
| 942 ## - ADDED ENTRY ELEMENTS (KOHA) | |
| Item type | Hindi Books |
| Source of classification or shelving scheme | Dewey Decimal Classification |
| Classification part | 302.7 |
| Call number suffix | हॉल्ट |
| Withdrawn status | Lost status | Not for loan | Collection code | Home library | Current library | Date acquired | Source of acquisition | Cost, normal purchase price | Full call number | Barcode | Copy number | Cost, replacement price | Koha item type |
|---|---|---|---|---|---|---|---|---|---|---|---|---|---|
| Non-fiction | Bawana | Bawana | 16/10/2024 | DBAD | 750.00 | 302.7 हॉल्ट | HN-100996 | 1 | 750.00 | Hindi Books | |||
| Non-fiction | R.K.Puram-8 | R.K.Puram-8 | 11/12/2024 | DBAD | 750.00 | 302.7 हॉल्ट | HN-101261 | 2 | 750.00 | Hindi Books |
